[Event "CZE-ch U12 Girls"]
[Site "Kouty nad Desnou"]
[Date "2024.03.14"]
[Round "7"]
[White "Jencova, Anna"]
[Black "Vanickova, Natalie"]
[Result "1-0"]
[WhiteElo "1497"]
[BlackElo "1447"]
[PlyCount "99"]
[EventDate "2024.03.09"]
[EventType "swiss"]
[EventRounds "9"]
[EventCountry "CZE"]
[SourceTitle "CB12_2024"]
[SourceDate "2023.10.01"]
[SourceVersion "1"]
[SourceVersionDate "2023.10.01"]
[SourceQuality "1"]

1. e4 d5 2. exd5 Nf6 3. d4 Nxd5 4. Nf3 Bf5 5. Be2 e6 6. 0-0 Bd6 7. c4 Nf6 8. Nc3 c6 9. c5 Bc7 10. a4 a5 11. Bg5 0-0 12. Re1 Nbd7 13. Qd2 Re8 14. Rad1 Ra7 15. Bc4 Qc8 16. Ne5 Nd5 17. Nxd7 Qxd7 18. Nxd5 exd5 19. Rxe8+ Qxe8 20. Re1 Be6 21. Bd3 Ra8 22. Bf4 Bd8 23. Qe2 Bf6 24. Qh5 g6 25. Qd1 Bxd4 26. Qc2 Qf8 27. Be3 Bf6 28. Qd2 Be7 29. Rc1 Rd8 30. Bg5 f6 31. Bh6 Qf7 32. b4 g5 33. bxa5 Qh5 34. Re1 Qf7 35. Qe3 Ra8 36. Qxe6 Qxe6 37. Rxe6 Bxc5 38. Rxf6 Rxa5 39. Bc2 Ra6 40. Bxg5 Rb6 41. g4 Rb4 42. Bf5 Rb2 43. Be6+ Kg7 44. Rf3 d4 45. h4 Rb1+ 46. Kg2 Ra1 47. h5 Rxa4 48. h6+ Kg6 49. Bh4 Ra3 50. Rf6# 1-0

[Event "CZE-ch U12 Girls"]
[Site "Kouty nad Desnou"]
[Date "2024.03.11"]
[Round "4"]
[White "Rudova, Jana"]
[Black "Jencova, Anna"]
[Result "1-0"]
[WhiteElo "1408"]
[BlackElo "1497"]
[PlyCount "83"]
[EventDate "2024.03.09"]
[EventType "swiss"]
[EventRounds "9"]
[EventCountry "CZE"]
[SourceTitle "CB12_2024"]
[SourceDate "2023.10.01"]
[SourceVersion "1"]
[SourceVersionDate "2023.10.01"]
[SourceQuality "1"]

1. e4 e5 2. Nf3 Nc6 3. Nc3 Nf6 4. Bb5 Bb4 5. d3 d6 6. 0-0 0-0 7. Bg5 Be6 8. Nd5 Bxd5 9. exd5 Nd4 10. Nxd4 exd4 11. Qf3 a6 12. Ba4 b5 13. Bb3 a5 14. a4 Rb8 15. Rac1 Bc5 16. Rb1 Ba7 17. Rfe1 c5 18. dxc6 d5 19. Bxf6 gxf6 20. Qg3+ Kh8 21. c7 Qd7 22. cxb8Q Bxb8 23. Qf3 f5 24. Qxd5 Qc7 25. Qxd4+ Kg8 26. Qh4 bxa4 27. Bxa4 f6 28. Qg3+ Qxg3 29. hxg3 Kh8 30. Re6 Rg8 31. Rxf6 Ba7 32. Kf1 Rg5 33. Re1 Kg7 34. Ra6 Bc5 35. d4 Bb4 36. c3 Bf8 37. Ree6 Rg6 38. Rxg6+ hxg6 39. Rxa5 Kh6 40. d5 Kg7 41. Ra6 Kf7 42. d6 1-0

[Event "Piestany Slovakia op-B"]
[Site "Piestany"]
[Date "2022.07.13"]
[Round "3"]
[White "Visvader, Kristof"]
[Black "Jencova, Anna"]
[Result "1-0"]
[WhiteElo "1614"]
[BlackElo "1100"]
[PlyCount "91"]
[EventDate "2022.07.11"]
[EventType "swiss"]
[EventRounds "9"]
[EventCountry "SVK"]
[SourceTitle "CBM 209 Extra"]
[Source "ChessBase"]
[SourceDate "2022.09.30"]
[SourceVersion "1"]
[SourceVersionDate "2022.09.30"]
[SourceQuality "1"]

1. e4 e5 2. Nf3 Nc6 3. Bb5 Nf6 4. d3 Bc5 5. Bg5 d6 6. Nc3 Bg4 7. Nd5 a6 8. Bxc6+ bxc6 9. Nxf6+ gxf6 10. Bh4 Bb4+ 11. c3 Ba5 12. h3 d5 13. hxg4 Rg8 14. Qa4 Qd7 15. Qxa5 Rxg4 16. 0-0-0 Rxg2 17. Bg3 Ra7 18. Nh4 Rxg3 19. fxg3 Qg4 20. Qc5 Qg5+ 21. Qe3 Qxe3+ 22. Rd2 Qxg3 23. Rg2 Qxd3 24. Rg8+ Ke7 25. Nf5+ Kd7 26. Rxh7 c5 27. Rxf7+ Kc6 28. exd5+ Qxd5 29. Ne7+ Kd6 30. Nxd5 Kxd5 31. Rxf6 e4 32. Re8 Rb7 33. Rf5+ Kc4 34. Rxe4+ Kb5 35. Ree5 Kb6 36. Rxc5 Ra7 37. a4 Kb7 38. a5 Kc8 39. Rf6 Kd7 40. Rcc6 Ke7 41. Rxa6 Rxa6 42. Rxa6 Kd7 43. b4 c6 44. b5 cxb5 45. Rb6 Kc7 46. Rxb5 1-0